Атлас: геоморфология устьевых систем крупных и малых рек Юга и Дальноего Востока России

מידע ביבליוגרפי
Corporate Authors: Московский государственный университет им. М. В. Ломоносова Географический факультет, Российская академия наук Институт океанологии им. П. П. Ширшова
מחברים אחרים: Анисимова Н. В. (редактор), Бабич Д. Б., Ботавин Д. В., Бровко П. Ф., Головлев П. П., Коротаев В. Н., Рычагов Г. И., Римский-Корсаков Н. А.
סיכום:Впервые в виде атласа-монографии обобщен огромный натурный и литературный материал по гидрологии, геоморфологии и русловой морфолитодинамике усты вых систем крупных рек Юга и Дальнего Востока России. Работа может быть полезна для специалистов в области береговой геоморфологии, устьевой гидрологии русловых процессов.
שפה:רוסית
יצא לאור: Москва, ИД Академии Жуковского, 2020
נושאים:
פורמט: ספר
KOHA link:https://koha.lib.tpu.ru/cgi-bin/koha/opac-detail.pl?biblionumber=346238

MARC

LEADER 00000nam0a2200000 4500
001 346238
005 20231102005850.0
010 |a 9785907275379 
035 |a (RuTPU)RU\TPU\book\378118 
090 |a 346238 
100 |a 20210727d2020 k y0rusy50 ca 
101 0 |a rus 
102 |a RU 
105 |a ab z 001zy 
200 1 |a Атлас: геоморфология устьевых систем крупных и малых рек Юга и Дальноего Востока России  |f Н. В. Анисимова, Д. Б. Бабич, Д. В. Ботавин [и др.]  |g Московский государственный университет им. М. В. Ломоносова, Географический факультет ; Российская академия наук, Институт океанологии им. П. П. Ширшова ; под ред. В. Н. Коротаева [и др.] 
210 |a Москва  |c ИД Академии Жуковского  |d 2020 
215 |a 150 с.  |c ил. 
320 |a Библиогр.: с. 138-150 
330 |a Впервые в виде атласа-монографии обобщен огромный натурный и литературный материал по гидрологии, геоморфологии и русловой морфолитодинамике усты вых систем крупных рек Юга и Дальнего Востока России. Работа может быть полезна для специалистов в области береговой геоморфологии, устьевой гидрологии русловых процессов. 
606 1 |a Устья рек  |x Геоморфология  |2 stltpush  |3 (RuTPU)RU\TPU\subj\80534  |9 88180 
610 1 |a атласы 
610 1 |a Россия 
610 1 |a Дальний Восток 
610 1 |a устьевые системы 
610 1 |a реки 
610 1 |a побережья 
610 1 |a природные условия 
610 1 |a Азовское море 
610 1 |a Каспийское море 
610 1 |a озеро Байкал 
610 1 |a Охотское море 
610 1 |a Сахалин 
610 1 |a Камчатка 
675 |a 551.468(084)  |v 4 
701 1 |a Анисимова  |b Н. В. 
701 1 |a Бабич  |b Д. Б. 
701 1 |a Ботавин  |b Д. В. 
701 1 |a Бровко  |b П. Ф. 
701 1 |a Головлев  |b П. П. 
702 1 |a Коротаев  |b В. Н.  |4 340 
702 1 |a Рычагов  |b Г. И.  |4 340 
702 1 |a Римский-Корсаков  |b Н. А.  |4 340 
712 0 2 |a Московский государственный университет им. М. В. Ломоносова  |b Географический факультет  |c (1940- )  |2 stltpush  |3 (RuTPU)RU\TPU\col\7 
712 0 2 |a Российская академия наук  |b Институт океанологии им. П. П. Ширшова  |c (Москва)  |2 stltpush  |3 (RuTPU)RU\TPU\col\3562  |9 23854 
801 1 |a RU  |b 63413507  |c 20210727 
801 2 |a RU  |b 63413507  |c 20220113  |g RCR 
942 |c BK